|
|
|
|
| LEADER |
00000naa2a2200000 4500 |
| 001 |
623837 |
| 005 |
20231101133301.0 |
| 035 |
|
|
|a (RuTPU)RU\TPU\conf\22930
|
| 035 |
|
|
|a RU\TPU\conf\22928
|
| 090 |
|
|
|a 623837
|
| 100 |
|
|
|a 20170921d2017 k y0rusy50 ca
|
| 101 |
0 |
|
|a rus
|
| 102 |
|
|
|a RU
|
| 105 |
|
|
|a y z 101zy
|
| 135 |
|
|
|a drcn ---uucaa
|
| 181 |
|
0 |
|a i
|
| 182 |
|
0 |
|a b
|
| 200 |
1 |
|
|a Геолого-геофизические методы изучения разнофациальных отложений юры в условиях унаследованного роста структур на Северо-Покачевской моноклинали Нижневартовского свода
|f З. Я. Сердюк [и др.]
|
| 203 |
|
|
|a Текст
|c электронный
|
| 225 |
1 |
|
|a Западно-Сибирский регион
|
| 230 |
|
|
|a 1 компьютерный файл (pdf; 953 Кб)
|
| 300 |
|
|
|a Заглавие с экрана
|
| 320 |
|
|
|a [Библиогр.: с. 133-134 (8 назв.)]
|
| 330 |
|
|
|a По технологии многомерной интерпретации геолого-геофизической информации изучены разнофациальные юрские отложения, сформировавшиеся в условиях унаследованного тектонического роста структур Северо-Покачевской моноклинали Нижневартовского свода. Комплексное изучение временных разрезов сейсмопрофилей 2-Д, 3-Д, ГИС и пород по разрезам скважин позволило получить новую информацию по поверхности доюрского основания и осадконакопления юрских пластов ЮВ[10], ЮВ[2], ЮВ[1].
|
| 463 |
|
0 |
|0 (RuTPU)RU\TPU\conf\22907
|t Современные проблемы седиментологии в нефтегазовом инжиниринге
|o труды III Всероссийского научно‐практическогоседиментологического совещания, 10-12 апреля 2017 г., г. Томск
|f Национальный исследовательский Томский политехнический университет (ТПУ), Институт природных ресурсов (ИПР) ; гл. ред. О. С. Чернова
|v [С. 130-136]
|d 2017
|
| 610 |
1 |
|
|a электронный ресурс
|
| 610 |
1 |
|
|a Северо-Покачевская моноклиналь
|
| 610 |
1 |
|
|a тектоника
|
| 610 |
1 |
|
|a сейсмика
|
| 610 |
1 |
|
|a литология
|
| 610 |
1 |
|
|a петрофизика
|
| 610 |
1 |
|
|a палеогеоморфология
|
| 610 |
1 |
|
|a литофации
|
| 610 |
1 |
|
|a нефтегазоносность
|
| 701 |
|
1 |
|a Сердюк
|b З. Я.
|
| 701 |
|
1 |
|a Арефьев
|b С. В.
|
| 701 |
|
1 |
|a Белов
|b Н. В.
|
| 701 |
|
1 |
|a Мазитов
|b М. Р.
|
| 701 |
|
1 |
|a Гарифуллин
|b И. И.
|
| 701 |
|
1 |
|a Вильковская
|b И. Ю.
|
| 701 |
|
1 |
|a Зубарева
|b Л. И.
|
| 701 |
|
1 |
|a Кирилова
|b Н. В.
|
| 701 |
|
1 |
|a Стефаненко
|b О. Н.
|
| 701 |
|
1 |
|a Стариченко
|
| 712 |
0 |
2 |
|a ЛУКОЙЛ-Западная Сибирь
|
| 712 |
0 |
2 |
|a Сибирский научно-исследовательский институт геологии, геофизики и минерального сырья (СНИИГГиМС)
|c (Новосибирск)
|2 stltpush
|3 (RuTPU)RU\TPU\col\322
|
| 801 |
|
2 |
|a RU
|b 63413507
|c 20171129
|g RCR
|
| 856 |
4 |
|
|u http://earchive.tpu.ru/handle/11683/43055
|
| 942 |
|
|
|c BK
|